| 000 | 00527nam a2200169 i 4500 | ||
|---|---|---|---|
| 001 | 26510 | ||
| 003 | ES-MaACL | ||
| 005 | 20250824063028.0 | ||
| 007 | t| | ||
| 008 | 030109s1943 sp ||||1| spa d | ||
| 100 | 1 |
_aAunós Pérez, Eduardo, _d1894-1967 _923920 |
|
| 245 | 1 | 0 |
_aBuenos Aires _b: ayer, mañana, hoy y mañana / _cpor Eduardo Aunós Pérez. |
| 260 |
_aMadrid : _bMediterráneo, _c1943 ( _fImp. de Madrid) |
||
| 300 |
_a267 p. ; _c22 cm. |
||
| 852 |
_aES-MaACL _jA-1809 _bR.19968 |
||
| 999 |
_c26510 _d26510 |
||